| 000 | 00471nam a22001937a 4500 | ||
|---|---|---|---|
| 003 | CEME | ||
| 005 | 20210628210535.0 | ||
| 008 | 210209b xxu||||| |||| 00| 0 eng d | ||
| 020 | _a0-06-040628-3 | ||
| 040 | _c. | ||
| 082 | _a155.4 BEE | ||
| 100 |
_aBee, Helen _979854 |
||
| 245 | _aThe developing child | ||
| 250 | _a6TH | ||
| 260 |
_aNEW YORK _bHARPER COLLINS _c1992 |
||
| 300 | _a670P | ||
| 650 |
_aCHILD DEVELOPMENT CHILD PSYCHOLOGY _979855 |
||
| 942 |
_cBK _2ddc |
||
| 999 |
_c584847 _d584847 |
||